[Event "BRA-ch U12"]
[Site "Florianopolis"]
[Date "2019.04.21"]
[Round "5"]
[White "Bittencourt, Arian G Decezare"]
[Black "Maia, Gabriel Cesar Marti"]
[Result "1-0"]
[WhiteElo "1800"]
[BlackElo "1783"]
[PlyCount "26"]
[EventDate "2019.04.18"]
[EventType "swiss"]
[EventRounds "6"]
[EventCountry "BRA"]
[SourceTitle "CBM 190 Extra"]
[Source "ChessBase"]
[SourceDate "2019.07.15"]
[SourceVersion "1"]
[SourceVersionDate "2019.07.15"]
[SourceQuality "1"]

1. e4 e5 2. Nf3 Nc6 3. Bc4 Nf6 4. Ng5 d5 5. exd5 Na5 6. Bb5+ c6 7. dxc6 bxc6 8. Ba4 h6 9. Nf3 e4 10. Ne5 Qd4 11. Nxc6 Bc5 12. Nxd4+ Bd7 13. Bxd7+ Nxd7 1-0

[Event "BRA-ch U12"]
[Site "Florianopolis"]
[Date "2019.04.20"]
[Round "4"]
[White "Maia, Gabriel Cesar Marti"]
[Black "Bahi, Guilherme Falcao"]
[Result "0-1"]
[WhiteElo "1783"]
[BlackElo "1167"]
[PlyCount "26"]
[EventDate "2019.04.18"]
[EventType "swiss"]
[EventRounds "6"]
[EventCountry "BRA"]
[SourceTitle "CBM 190 Extra"]
[Source "ChessBase"]
[SourceDate "2019.07.15"]
[SourceVersion "1"]
[SourceVersionDate "2019.07.15"]
[SourceQuality "1"]

1. e4 e5 2. Nf3 Nc6 3. Nc3 Nf6 4. Bc4 Nd4 5. Ng5 Qe7 6. Bxf7+ Kd8 7. Bc4 d6 8. Nf7+ Ke8 9. Nxh8 Bg4 10. Ne2 Nxe4 11. d3 Bxe2 12. Bf7+ Kd7 13. Bh5 Bxd1 0-1

[Event "BRA-ch U12"]
[Site "Florianopolis"]
[Date "2019.04.18"]
[Round "1"]
[White "Tsuchie, Pedro Pinheiro"]
[Black "Maia, Gabriel Cesar Marti"]
[Result "1-0"]
[WhiteElo "1330"]
[BlackElo "1783"]
[PlyCount "60"]
[EventDate "2019.04.18"]
[EventType "swiss"]
[EventRounds "6"]
[EventCountry "BRA"]
[SourceTitle "CBM 190 Extra"]
[Source "ChessBase"]
[SourceDate "2019.07.15"]
[SourceVersion "1"]
[SourceVersionDate "2019.07.15"]
[SourceQuality "1"]

1. e4 e5 2. Nf3 Nc6 3. Bb5 a6 4. Ba4 b5 5. Bb3 Nf6 6. d3 Bc5 7. 0-0 0-0 8. c3 d6 9. Nbd2 Bd7 10. h3 Qe7 11. Re1 Rfe8 12. Nf1 Rad8 13. Ng3 Ba7 14. Bc2 Be6 15. Ng5 h6 16. Nxe6 Qxe6 17. a4 Re7 18. Nf5 Red7 19. axb5 axb5 20. Bb3 Qe8 21. Ra3 Nb8 22. Rxa7 c6 23. Rxd7 Nbxd7 24. Qf3 Nc5 25. Bc2 d5 26. d4 exd4 27. cxd4 Na6 28. Qc3 g6 29. Nxh6+ Kf8 30. Ng4 Nxe4 1-0